000 00428nam a2200157Ia 4500
005 20250423095046.0
008 250422s9999 xx 000 0 und d
020 _a0131837095
050 _aTR 897.7 .D54/
245 0 _aDigital graphics and animation with adobe illustrator 10, adobe photoshop 7, and macromedia flash
260 _aNew Jersey
260 _bPrentice Hall
260 _c2004
300 _a627 p
942 _cBK
999 _c29114
_d29114